000 00400nam a2200157Ia 4500
008 230917s9999||||xx |||||||||||||| ||und||
040 _e73738
_aMAIN
041 _aEnglish
082 _a658.4 G421I
100 _aGilmer, B Von Haller
245 0 _aIndustrial and organizational Psychology
250 _a4th ed.
260 _aNew York
_bMcGraw-Hill
_c1977
300 _axiii, 496 p.
942 _cBK
999 _c218839
_d218839